000 00410nam a22001577a 4500
005 20250903125928.0
008 250903b |||||||| |||| 00| 0 eng d
020 _a9789988182380
050 _aBV 4012
_b.27 BOA
100 _aBOAKYE, JOHN
245 _aYOUR GUIDE TO MARRIAGE
250 _a2ND EDITION
260 _aACCRA
_bLOVE UNLIMITED PRESS
_cc2014
300 _ax, 341p.;
_bcol. ills
942 _2lcc
_cBK
_n0
999 _c7451
_d7451